<?xml version="1.0" encoding="UTF-8"?><?xml-stylesheet type="text/xsl" href="static/style.xsl"?><OAI-PMH xmlns="http://www.openarchives.org/OAI/2.0/" xmlns:xsi="http://www.w3.org/2001/XMLSchema-instance" xsi:schemaLocation="http://www.openarchives.org/OAI/2.0/ http://www.openarchives.org/OAI/2.0/OAI-PMH.xsd"><responseDate>2026-04-26T23:12:48Z</responseDate><request verb="GetRecord" identifier="oai:repisalud.isciii.es:20.500.12105/26364" metadataPrefix="marc">https://repisalud.isciii.es/rest/oai/request</request><GetRecord><record><header><identifier>oai:repisalud.isciii.es:20.500.12105/26364</identifier><datestamp>2025-12-18T12:56:20Z</datestamp><setSpec>com_20.500.12105_2052</setSpec><setSpec>com_20.500.12105_2051</setSpec><setSpec>col_20.500.12105_19608</setSpec></header><metadata><record xmlns="http://www.loc.gov/MARC21/slim" xmlns:dcterms="http://purl.org/dc/terms/" xmlns:doc="http://www.lyncode.com/xoai" xmlns:xsi="http://www.w3.org/2001/XMLSchema-instance" xsi:schemaLocation="http://www.loc.gov/MARC21/slim http://www.loc.gov/standards/marcxml/schema/MARC21slim.xsd">
   <leader>00925njm 22002777a 4500</leader>
   <datafield ind2=" " ind1=" " tag="042">
      <subfield code="a">dc</subfield>
   </datafield>
   <datafield ind2=" " ind1=" " tag="720">
      <subfield code="a">Martínez-Castañeiras, Paloma</subfield>
      <subfield code="e">author</subfield>
   </datafield>
   <datafield ind2=" " ind1=" " tag="720">
      <subfield code="a">Ortiz Burgos, Cristina</subfield>
      <subfield code="e">author</subfield>
   </datafield>
   <datafield ind2=" " ind1=" " tag="720">
      <subfield code="a">Fernandez de Larrea-Baz, Nerea</subfield>
      <subfield code="e">author</subfield>
   </datafield>
   <datafield ind2=" " ind1=" " tag="720">
      <subfield code="a">Lope Carvajal, Virginia</subfield>
      <subfield code="e">author</subfield>
   </datafield>
   <datafield ind2=" " ind1=" " tag="720">
      <subfield code="a">Sánchez-Gordón, Gary</subfield>
      <subfield code="e">author</subfield>
   </datafield>
   <datafield ind2=" " ind1=" " tag="720">
      <subfield code="a">Ruiz Moreno, Emma</subfield>
      <subfield code="e">author</subfield>
   </datafield>
   <datafield ind2=" " ind1=" " tag="720">
      <subfield code="a">Alonso Ledesma, Isabel</subfield>
      <subfield code="e">author</subfield>
   </datafield>
   <datafield ind2=" " ind1=" " tag="720">
      <subfield code="a">García-Esquinas, Esther</subfield>
      <subfield code="e">author</subfield>
   </datafield>
   <datafield ind2=" " ind1=" " tag="720">
      <subfield code="a">Perez-Gomez, Beatriz</subfield>
      <subfield code="e">author</subfield>
   </datafield>
   <datafield ind2=" " ind1=" " tag="720">
      <subfield code="a">Pastor-Barriuso, Roberto</subfield>
      <subfield code="e">author</subfield>
   </datafield>
   <datafield ind2=" " ind1=" " tag="720">
      <subfield code="a">Galan, Iñaki</subfield>
      <subfield code="e">author</subfield>
   </datafield>
   <datafield ind2=" " ind1=" " tag="720">
      <subfield code="a">Castelló Pastor, Adela</subfield>
      <subfield code="e">author</subfield>
   </datafield>
   <datafield ind2=" " ind1=" " tag="260">
      <subfield code="c">2025-02</subfield>
   </datafield>
   <datafield ind2=" " ind1=" " tag="520">
      <subfield code="a">Objectives: The aim of this study was to explore the association of fruit, vegetable, and pulses consumption with all-cause, cardiovascular, and cancer mortality. Study design: This prospective study included 66,933 individuals from three Spanish health surveys linked to the national death registry up to December 2022. Methods: Adjusted Poisson regression models were used to analyze the data, categorizing fruit, vegetable and pulses intake according to Spanish dietary recommendations and using splines to examine non-linear relationships. Results: No clear association was found between pulses intake and mortality. Consuming fruits and vegetables ≥2 times/day reduced all-cause mortality risk by 20 % (95%CI = 10%-29 %) and 17 % (95%CI = 7%-26 %) respectively, compared with &lt;3 times/week. Combined intake of fruits and vegetables from 1 to 1.99 to ≥5 times/day showed reductions in all-cause and CVD mortality ranging from 16 % (95%CI = 5%-26 %) to 30 % (95%CI = 20%-39 %), and from 25 % (95%CI = 5%-41 %) to 35 % (95%CI = 14%-50 %), respectively, compared with &lt;1 time/day. No additional benefits against all-cause and CVD mortality for intakes of fruits over 2-3 times/day, but gradual reductions in mortality risk for vegetable intake of 2-5 times/day were observed. Combined intake showed protection up to intakes of 10 times/day, notably for CVD mortality. Associations were similar but weaker for cancer mortality. Conclusions: This study suggests that significant benefits of fruits and, specially, vegetables intake might go beyond the recommended five servings a day. Confirmation of these results could lead to specific dietary recommendations to prevent chronic diseases.</subfield>
   </datafield>
   <datafield ind1="8" ind2=" " tag="024">
      <subfield code="a">Martínez-Castañeiras P, Ortiz C, Fernandez de Larrea-Baz N, Lope V, Sánchez-Gordón G, Ruiz-Moreno E, Alonso I, Garcia-Esquinas E, Pérez-Gómez B, Pastor-Barriuso R, Galán I, Castelló A. Intake of fruit, vegetables and pulses, and all-cause, cardiovascular and cancer mortality: Results from a population-based prospective study. Public Health. 2025 Feb;239:169-178.</subfield>
   </datafield>
   <datafield ind1="8" ind2=" " tag="024">
      <subfield code="a">0033-3506</subfield>
   </datafield>
   <datafield ind1="8" ind2=" " tag="024">
      <subfield code="a">https://hdl.handle.net/20.500.12105/26364</subfield>
   </datafield>
   <datafield ind1="8" ind2=" " tag="024">
      <subfield code="a">39862679</subfield>
   </datafield>
   <datafield ind1="8" ind2=" " tag="024">
      <subfield code="a">10.1016/j.puhe.2024.12.014</subfield>
   </datafield>
   <datafield ind1="8" ind2=" " tag="024">
      <subfield code="a">1476-5616</subfield>
   </datafield>
   <datafield ind1="8" ind2=" " tag="024">
      <subfield code="a">Public health</subfield>
   </datafield>
   <datafield tag="653" ind2=" " ind1=" ">
      <subfield code="a">Cancer</subfield>
   </datafield>
   <datafield tag="653" ind2=" " ind1=" ">
      <subfield code="a">Cardiovascular</subfield>
   </datafield>
   <datafield tag="653" ind2=" " ind1=" ">
      <subfield code="a">Fruit</subfield>
   </datafield>
   <datafield tag="653" ind2=" " ind1=" ">
      <subfield code="a">Legume</subfield>
   </datafield>
   <datafield tag="653" ind2=" " ind1=" ">
      <subfield code="a">Mortality</subfield>
   </datafield>
   <datafield tag="653" ind2=" " ind1=" ">
      <subfield code="a">Pulse</subfield>
   </datafield>
   <datafield tag="653" ind2=" " ind1=" ">
      <subfield code="a">Vegetable</subfield>
   </datafield>
   <datafield ind2="0" ind1="0" tag="245">
      <subfield code="a">Intake of fruit, vegetables and pulses, and all-cause, cardiovascular and cancer mortality: Results from a population-based prospective study</subfield>
   </datafield>
</record></metadata></record></GetRecord></OAI-PMH>